| Поле | Название | Значение |
| |
Тип записи |
a |
| |
Библиографический уровень |
m |
| 001 |
Контрольный номер |
d5a15db552654e66aba848312f30213b |
| 005 |
Дата корректировки |
20260406170845.0 |
| 020 |
Индекс ISBN |
__ |
| a |
ISBN |
978-5-00229-224-0 |
| c |
Цена, тираж |
32-45 |
| 040 |
Источник каталогиз. |
__ |
| b |
Код языка каталог. |
rus |
| e |
Правила каталог. |
PSBO |
| a |
Служба первич. каталог. |
СЕГ |
| 041 |
Код языка издания |
0_ |
| a |
Код языка текста |
rus |
| 084 |
Индекс другой классификации/Индекс ББК |
__ |
| a |
Индекс другой классификации/Индекс ББК |
Х621.163.1я73 |
| 084 |
Индекс другой классификации/Индекс ББК |
__ |
| a |
Индекс другой классификации/Индекс ББК |
68.432я73 |
| 090 |
Шифры |
__ |
| c |
Каталожный индекс |
Х621.163.1я73+68.431я73 |
| a |
Полочн. индекс |
Х621.163я73 |
| x |
Авторский знак |
С 34 |
| 100 |
Автор |
1_ |
| a |
Автор |
Сибирко М. А. |
| 245 |
Заглавие |
10 |
| a |
Заглавие |
Теория огневой подготовки |
| h |
Физич. носитель |
Текст |
| b |
Продолж. заглавия |
учебное пособие |
| c |
Ответственность |
Воронежский институт МВД России |
| 260 |
Выходные данные |
__ |
| a |
Место издания |
Воронеж |
| b |
Издательство |
ВИ МВД России |
| c |
Дата издания |
2025 |
| 300 |
Физическое описание |
__ |
| a |
Объем |
125 с. |
| b |
Иллюстрации/ тип воспроизводства |
ил. |
| 336 |
Вид содержания |
__ |
| a |
Термин вида содержания |
Текст |
| 337 |
Средство доступа |
__ |
| a |
Термин типа средства |
непосредственный |
| 504 |
Библиография |
__ |
| a |
Библиография |
Библиогр.: с. 124-125 |
| 630 |
Унифицированное заглавие (доб. предм. запись) |
04 |
| k |
Форма, вид, жанр |
учебная дисциплина |
| 650 |
Тематические рубрики |
14 |
| a |
Основная рубрика |
РОССИЙСКОЕ АДМИНИСТРАТИВНОЕ ПРАВО |
| x |
Основная подрубрика |
ОРГАНИЗАЦИЯ И ДЕЯТЕЛЬНОСТЬ ПОЛИЦИИ |
| 650 |
Тематические рубрики |
14 |
| a |
Основная рубрика |
СОЦИАЛЬНЫЕ (ОБЩЕСТВЕННЫЕ) И ГУМАНИТАРНЫЕ НАУКИ |
| x |
Основная подрубрика |
ВОЕННОЕ ДЕЛО |
| 653 |
Ключевые слова |
1_ |
| a |
Ключевые слова |
ОГНЕВАЯ ПОДГОТОВКА; ОБУЧЕНИЕ; ТАКТИЧЕСКАЯ ПОДГОТОВКА; ОРГАНИЗАЦИЯ ОГНЕВОЙ ПОДГОТОВКИ В ОВД; ХАРАКТЕРИСТИКА ОТДЕЛЬНЫХ ОБРАЗЦОВ ОРУЖИЯ; ОСНОВЫ БАЛЛИСТИКИ; ОСНОВЫ И ПРАВИЛА СТРЕЛЬБЫ |
| 700 |
Другие авторы |
12 |
| a |
Другие авторы |
Пугачев А. В. |
| 700 |
Другие авторы |
12 |
| a |
Другие авторы |
Стрижанов А. В. |
| 700 |
Другие авторы |
12 |
| a |
Другие авторы |
Романов М. С. |
| 901 |
Тип документа |
__ |
| t |
Тип документа |
m |
| 905 |
Дата создания записи |
__ |
| a |
Дата создания записи |
20260406 |
| 952 |
Тип литературы |
__ |
| c |
Вид литературы |
учебная |
| c |
Вид литературы |
учебное пособие |